000 00439nam a22001457a 4500
003 PILC
005 20160525160238.0
008 160525b xxu||||| |||| 00| 0 eng d
020 _a9781682851319
050 _aQA 76
_b.In58 2016
245 _aInnovations in computer science and engineering /
_cTom Halt.
260 _aNew York :
_bWillford Press,
_c2016.
300 _a214 pages :
_billustrations (some color) ;
_c28 cm.
942 _2lcc
_cBK
999 _c294989
_d294989